Rozdielny prístup k cezhraničnej spolupráci o euroregionálnych projektoch sa ešte rozhoduje centrálne - v Bratislave

Bibliographic Details
Main Author: Sviteková, Angela (Author)
Format: Article
Language:Slovak
PhysicalDescription:Fotogr.
ISSN:1335-4701
Subjects:

MARC

LEADER 00000nab a2200000 a 4500
001 vtls000782201
003 SK-MaSNL
005 20260426071836.0
008 140301c2002 xo 0 slo
015 |a SNBRB2002/02-04592 
035 |a CLN000133924 
040 |a SNKBUCL  |b slo  |c SNKBUCL  |e AACR2 
041 0 |a slo 
044 |a xo  |c SK 
080 |a 394.912(437.6)  |2 1997 
080 |a 339.92:332.1(437.6)  |2 1997 
080 |a 332.1(437.6)  |2 1997 
100 1 |a Sviteková, Angela  |4 aut  |9 841455 
245 1 0 |a Rozdielny prístup k cezhraničnej spolupráci  |b o euroregionálnych projektoch sa ešte rozhoduje centrálne - v Bratislave  |c Angela Sviteková 
300 |b Fotogr. 
650 0 7 |a Euroregión Tatry  |2 SNK  |9 1326198 
650 0 7 |a cezhraničná spolupráca  |2 SNKPH  |9 4908 
651 7 |a Slovensko  |2 SNKPHgeo  |9 14231 
655 7 |a články z novín a časopisov  |2 SNK  |9 267496 
773 0 |t Hospodárske noviny  |g Roč. 10, č. 18 (25.-27.1.2002), s. 2  |x 1335-4701 
850 |a Slovenská národná knižnica v Martine 
852 |a SNK  |b KIS3GCP 
958 |a SK 
992 |a RBX 
999 |c 2682621  |d 2684551